Materials

Bibliographic Details
Main Author: Hughes, Monica
Format: Book
Published: UK : Heinemann Educational Publishers , 1999
Series:Discovery world
Subjects:

MARC

LEADER 00000cam a2200000 7i4500
001 0000023158
005 20151222.0
008 080820
020 |a 0435097911 
090 0 0 |a JP   |b EDU ENG 
100 1 |a Hughes, Monica 
245 1 0 |a Materials   |c Monica Hughes 
260 |a UK :   |b Heinemann Educational Publishers ,   |c 1999 
440 |a Discovery world 
500 |a Children ages 7-9 years old (orange) 
650 0 |a Education, preschool 
650 0 |a English fiction 
999 |a 0001027780   |b Book   |c REFERENCE   |e Perbadanan Perpustakaan Awam Johor 
999 |a 0001027781   |b Book   |c REFERENCE   |e Perbadanan Perpustakaan Awam Johor 
999 |a 0001073863   |b Book   |c Children Collection   |e Cawangan Taman Universiti 
999 |a 0001734618   |b Book   |c REFERENCE   |e Cawangan Bandar Penawar